| 000 | 00884nam a2200289Ia 4500 | ||
|---|---|---|---|
| 001 | Z_5263 | ||
| 003 | CHAP | ||
| 008 | 220113s2005 xx 000 0 und d | ||
| 010 | _a168327 | ||
| 040 | _cCHAP | ||
| 090 | _aTesis T 1866 | ||
| 100 |
_aTorres Roblero, Gustavo _9114218 |
||
| 245 |
_aRentabilidad teórica en el uso de enzimas fibrolíticas en la engorda de ganado bovino en confinamiento / _cpor Gustavo Torres Roblero |
||
| 260 |
_aChapingo, Méx. : _bEl autor, _c2005 |
||
| 300 | _a60 h. | ||
| 502 | _aTesis (Ing. Agr. Esp. en Zootecnia) -- UACH. Departamento de Zootecnia | ||
| 650 |
_aEnzimas _937195 |
||
| 650 |
_aGanado de carne _945067 |
||
| 650 |
_aGanado vacuno _x _x Alimentación _9142604 |
||
| 650 |
_aGanado vacuno _x _x Engorda _9142605 |
||
| 901 | _aTESIS T 1866 | ||
| 902 | _aM | ||
| 910 | _a2005 | ||
| 942 | _c2 | ||
| 942 | _c2 | ||
| 999 |
_c168327 _d168327 |
||